000 00484nam a22001817a 4500
005 20251108170656.0
008 250721s1977 xx 000 0 eng d
082 1 4 _aR/616.0058/MED
100 1 _aScott, Ronald Bodley
_ePrint.
245 1 4 _aThe Medical Annual :
_bThe Year - book of treatment /
264 1 _aBristol :
_bJohn Wright,
_c1977.
300 _a381p : ill
650 1 7 _aMedicine
650 1 7 _aYearboos
700 1 _aFraser, James
942 _2ddc
_cBK
999 _c46312
_d46312